Abiotic Stress Response in Plants/ (Record no. 15296)
[ view plain ]
| 000 -LEADER | |
|---|---|
| fixed length control field | 00638nam a22002057a 4500 |
| 001 - CONTROL NUMBER | |
| control field | BD-DhSAU 7660 |
| 003 - CONTROL NUMBER IDENTIFIER | |
| control field | BD-DhSAU |
| 005 - DATE AND TIME OF LATEST TRANSACTION | |
| control field | 20210922124930.0 |
| 008 - FIXED-LENGTH DATA ELEMENTS--GENERAL INFORMATION | |
| fixed length control field | 150527b1980 ge a||||r|||| 000 0 eng d |
| 020 ## - INTERNATIONAL STANDARD BOOK NUMBER | |
| International Standard Book Number | 9783527339181 |
| Terms of availability | 13814.001 |
| 040 ## - CATALOGING SOURCE | |
| Original cataloging agency | BD-DhSAU |
| 082 ## - DEWEY DECIMAL CLASSIFICATION NUMBER | |
| Edition number | 22 |
| Classification number | 632.1 |
| Item number | T88 |
| 245 ## - TITLE STATEMENT | |
| Title | Abiotic Stress Response in Plants/ |
| Statement of responsibility, etc. | editor: Narendra Tuteja and Sarvajeet S. Gill. |
| 260 ## - PUBLICATION, DISTRIBUTION, ETC. (IMPRINT) | |
| Name of publisher, distributor, etc. | Wiley-VCH Verlag GmbH, |
| Place of publication, distribution, etc. | Weinheim: |
| Date of publication, distribution, etc. | c2016. |
| 300 ## - PHYSICAL DESCRIPTION | |
| Extent | xxix, 424 p. : |
| Other physical details | ill. ; |
| Dimensions | 24 cm. |
| 650 ## - SUBJECT ADDED ENTRY--TOPICAL TERM | |
| Topical term or geographic name as entry element | Abiotic Stress of plants. |
| 700 ## - ADDED ENTRY--PERSONAL NAME | |
| Personal name | Tuteja, Narendra |
| Relator term | editor. |
| 700 ## - ADDED ENTRY--PERSONAL NAME | |
| Personal name | Gill, Sarvajeet S |
| Relator term | Editor. |
| 942 ## - ADDED ENTRY ELEMENTS (KOHA) | |
| Source of classification or shelving scheme | Dewey Decimal Classification |
| Koha item type | Book |
| Withdrawn status | Lost status | Source of classification or shelving scheme | Damaged status | Not for loan | Collection code | Home library | Branch Name | Shelving location | Date acquired | Total Checkouts | Full call number | Barcode | Date last seen | Price effective from | Koha item type | Public note |
|---|---|---|---|---|---|---|---|---|---|---|---|---|---|---|---|---|
| Dewey Decimal Classification | Not For Loan | Reference | SAU Library | SAU Library | Reference | 10/06/2021 | 632.1 T88 | 42391 | 22/09/2021 | 22/09/2021 | Book | Project 2021 | ||||
| Dewey Decimal Classification | SAU Library | SAU Library | General Stacks | 10/06/2021 | 632.1 T88 | 42392 | 22/09/2021 | 22/09/2021 | Book | Project 2021 |
